| 000 | 00342 a2200121 4500 | ||
|---|---|---|---|
| 001 | 92334 | ||
| 082 | _aPR 2386 | ||
| 090 |
_c44291 _d44292 |
||
| 100 | _aHaibat Khan; Prof Muhammad Zahid (Advisor) | ||
| 245 |
_aSimulation of CDMA Forward and Reverse Channels on PC _n60'B' EC |
||
| 260 |
_aIslamabad _bNUST _c2005 |
||
| 500 | _aBE Project Report | ||
| 942 |
_aCAE NUST _kPR 2386 |
||
| 999 |
_c327407 _d327407 |
||